Camino Recorrido : (Registro nro. 42859)
[ vista simple ]
| 000 -CABECERA | |
|---|---|
| campo de control de longitud fija | 00607nam a2200157 a 4500 |
| 001 - NÚMERO DE CONTROL | |
| campo de control | 000043370 |
| 005 - FECHA Y HORA DE LA ÚLTIMA TRANSACCIÓN | |
| campo de control | 20201002040844.0 |
| 008 - DATOS DE LONGITUD FIJA--INFORMACIÓN GENERAL | |
| campo de control de longitud fija | 140311s1990 dr c 000 0 spa d |
| 040 ## - FUENTE DE LA CATALOGACIÓN | |
| Centro catalogador/agencia de origen | DO-SdBNP |
| Lengua de catalogación | spa |
| Centro/agencia transcriptor | BNPHU |
| 100 1# - ENTRADA PRINCIPAL--NOMBRE DE PERSONA | |
| Nombre de persona | Pinochet Ugarte, Augusto |
| 9 (RLIN) | 71031 |
| 245 10 - MENCIÓN DE TÍTULO | |
| Título | Camino Recorrido : |
| Resto del título | biografía de un soldado / |
| Mención de responsabilidad, etc. | Augusto Pinochet Ugarte ; prólogo Rafael Valdivieso Ariztia. |
| 246 14 - FORMA VARIANTE DE TÍTULO | |
| Título propio/Titulo breve | Camino Recorrido : |
| Resto del título | memorias de un soldado |
| 260 ## - PUBLICACIÓN, DISTRIBUCIÓN, ETC. | |
| Lugar de publicación, distribución, etc. | Chile : |
| Nombre del editor, distribuidor, etc. | Instituto Geográfico Militar de Chile, |
| Fecha de publicación, distribución, etc. | 1990. |
| 300 ## - DESCRIPCIÓN FÍSICA | |
| Extensión | 304 p. : |
| Otras características físicas | il., retrs. ; |
| Dimensiones | 26 cm. |
| 700 1# - PUNTO DE ACCESO ADICIONAL--NOMBRE DE PERSONA | |
| Nombre de persona | Valdivieso Ariztia, Rafael |
| -- | pról. |
| 9 (RLIN) | 71032 |
| Estado de retiro | Estado de pérdida | No para préstamo | Código de colección | Localización permanente | Ubicación/localización actual | Ubicación en estantería | Fecha de adquisición | Número de inventario | Total de préstamos | Signatura topográfica completa | Código de barras | Fecha visto por última vez | Precio válido a partir de | Tipo de ítem Koha |
|---|---|---|---|---|---|---|---|---|---|---|---|---|---|---|
| Excluido de préstamo | Patrimonio Dominicano | General | General | En catalogación | 11.03.2014 | LF1 | 43370-10 | 25.06.2020 | 25.06.2020 | Libro y Folleto Colección Patrimonio Dominicano |
